Tập bài giảng pháp luật về công chứng, luật sư
Trình bày những nội dung cơ bản của môn Pháp luật về công chứng, luật sư, bao gồm: tổ chức, hoạt động công chứng và tổ chức, hoạt động của luật sư.
Guardado en:
| Autor principal: | |
|---|---|
| Formato: | Libro |
| Lenguaje: | Undetermined |
| Publicado: |
Hà Nội
Hồng Đức
2017
|
| Materias: | |
| Etiquetas: |
Agregar Etiqueta
Sin Etiquetas, Sea el primero en etiquetar este registro!
|
| Thư viện lưu trữ: | Trung tâm Học liệu Trường Đại học Cần Thơ |
|---|
| LEADER | 00915nam a2200217Ia 4500 | ||
|---|---|---|---|
| 001 | CTU_236306 | ||
| 008 | 210402s9999 xx 000 0 und d | ||
| 020 | |c 47000 | ||
| 082 | |a 346.5970023 | ||
| 082 | |b M312 | ||
| 100 | |a Nguyễn, Thanh Minh | ||
| 245 | 0 | |a Tập bài giảng pháp luật về công chứng, luật sư | |
| 245 | 0 | |c Nguyễn Thanh Minh, Đinh Thị Cẩm hà (Biên soạn) | |
| 260 | |a Hà Nội | ||
| 260 | |b Hồng Đức | ||
| 260 | |c 2017 | ||
| 520 | |a Trình bày những nội dung cơ bản của môn Pháp luật về công chứng, luật sư, bao gồm: tổ chức, hoạt động công chứng và tổ chức, hoạt động của luật sư. | ||
| 650 | |a Civil law,Luật dân sự | ||
| 650 | |z Vietnam,Việt Nam | ||
| 910 | |b nthai | ||
| 980 | |a Trung tâm Học liệu Trường Đại học Cần Thơ | ||